Football underrated Players - Statistiques

Statistiques générales
  • Ce quiz a été pris 96 fois
  • Le résultat moyen est 12 sur 16
Statistiques - réponses
Par images Réponse % Correct
Bradley Barcola
99%
Désiré Doué
96%
Mason Greenwood
91%
Jérémy Doku
90%
Phil Foden
90%
Warren Zaïre-Emery
89%
Endrick
88%
Michael Olise
88%
Alejandro Garnacho
84%
Ademola Lookman
81%
Moïse Kean
76%
Khvicha Kvaratskhelia
63%
Amad Diallo
56%
Noah Okafor
44%
Ruben Vargas
29%
Zeki Amdouni
15%
Aucun quiz correspondant
Distribution des résultats
% des personnes avec chaque résultat
Percentile par nombre de réponses
Votre historique - résultats
Vous n’avez pas pris ce quiz